Reforming Scottish standards (Record no. 118461)

MARC details
000 -LEADER
fixed length control field 01719cam a2200265 4500
001 - CONTROL NUMBER
control field ABS68505
008 - FIXED-LENGTH DATA ELEMENTS--GENERAL INFORMATION
fixed length control field 041216n2004 000 0 eng u
035 ## - SYSTEM CONTROL NUMBER
System control number (Sirsi) u128343
100 ## - MAIN ENTRY--PERSONAL NAME
Personal name Stollard, P.
245 ## - TITLE STATEMENT
Title Reforming Scottish standards
260 ## - PUBLICATION, DISTRIBUTION, ETC.
Date of publication, distribution, etc. 2004
490 ## - SERIES STATEMENT
Series statement RICS Building Control
Volume/sequential designation (155) December 2004, 10-11(2)
520 ## - SUMMARY, ETC.
Summary, etc. Examination of the new Scottish Building Standards Agency, which was launched on 1 November 2004. It is a key component in the reformed system of building standards being introduced in Scotland and will carry out all the functions previously done by the Scottish Executive, as well as a series of new ones introduced by the Building (Scotland) Act 2003. The biggest change is described as the move away from prescriptive to expanded functional standards. Two new technical handbooks have been published, "The Scottish Building Standards technical handbook: domestic" (ISBN 0954629221) covers domestic building and "The Scottish Building Standards technical handbook: non-domestic" (ISBN 095462923X) covers non-domestic building. They are arranged in sections dealing with structure, fire, environment, safety, noise and energy, according to the construction products directive (Directive 89/106/EEC). Further information is available from www.sbsa.gov.uk.
590 ## - LOCAL NOTE (RLIN)
Local note ABS
590 ## - LOCAL NOTE (RLIN)
Local note ABS
650 ## - SUBJECT ADDED ENTRY--TOPICAL TERM
Topical term or geographic name entry element SCOTTISH BUILDING STANDARDS
650 ## - SUBJECT ADDED ENTRY--TOPICAL TERM
Topical term or geographic name entry element SCOTTISH BUILDING STANDARDS AGENCY
650 ## - SUBJECT ADDED ENTRY--TOPICAL TERM
Topical term or geographic name entry element BUILDING CONTROL
9 (RLIN) 6222
650 ## - SUBJECT ADDED ENTRY--TOPICAL TERM
Topical term or geographic name entry element BUILDING STANDARDS
650 ## - SUBJECT ADDED ENTRY--TOPICAL TERM
Topical term or geographic name entry element SCOTLAND
650 ## - SUBJECT ADDED ENTRY--TOPICAL TERM
Topical term or geographic name entry element BUILDING (SCOTLAND) ACT 2003
650 ## - SUBJECT ADDED ENTRY--TOPICAL TERM
Topical term or geographic name entry element EUROPEAN CONSTRUCTION PRODUCTS DIRECTIVE
690 ## - LOCAL SUBJECT ADDED ENTRY--TOPICAL TERM (OCLC, RLIN)
Topical term or geographic name as entry element BUILDING AND CONSTRUCTION-REGULATION AND CONTROL
942 ## - ADDED ENTRY ELEMENTS (KOHA)
Suppress in OPAC 0
Holdings
Withdrawn status Lost status Source of classification or shelving scheme Damaged status Not for loan Home library Current library Shelving location Date acquired Total Checkouts Full call number Barcode Date last seen Copy number Price effective from Koha item type
    Dewey Decimal Classification     London London Journal article 16/12/2004   ABS68505 128343-1001 06/08/2019 1 06/08/2019 Journal article